000 00406nam a2200133 4500
008 170215b xxu||||| |||| 00| 0 eng d
082 _aDPer 910.5 T69 Jan-Aug 2015 v. 1-4
245 _aNot just for guys.
260 _aPhilippines:
_bOne Mega Group,
_cc2015.
300 _av1, page 114:
_biIllustrations;
_c28 cm.
500 _aTravel Now.
650 0 _918756
_aTravelers
_xCollection
942 _2ddc
_cPER
999 _c6204
_d6204